000 00673nam a2200217 a 4500
001 BRCA_908
005 20190320203212.0
008 960424s1995 mx-a---##b---#000-0#spa-#
020 _a9687535377
040 _aDLC
_cDLC
050 4 _aNK7114
_b.R85 1995
100 1 _aRuiz de Esparza, José
_93011
245 1 0 _aEl México de oro y plata
_cJosé Ruiz de Esparza.
260 _aMéxico
_bCiencia y Cultura Latinoamérica : AXA
_c[1995]
300 _a167 p.
_bil. a color
_c30 cm.
500 _aIncluye índice de ilustraciones
504 _aBibliografía: p. 164-167
650 1 4 _aOrfebrería
_zMéxico
_93012
650 1 4 _aTrabajos en plata
_zMéxico
_92771
942 _2lcc
_cB
999 _c801
_d801